Najpopularniejsze kierunki studiów w Polsce 2023/24 - Statystyki

Ogólne statystyki
  • Ten quiz został rozwiązany 103 razy
  • Średni wynik to 6 z 10
Statystyki odpowiedzi
Hint Odpowiedź % Poprawnych
23 657 prawo
90%
32 264 medycyna
87%
42 267 psychologia
80%
43 607 informatyka
71%
33 739 zarządzanie
64%
18 026 ekonomia
63%
13 086 filologia angielska
62%
13 251 finanse i rachunkowość
46%
12 302 pielęgniarstwo
30%
13 240 fizjoterapia
22%
Nie znaleziono quizów pasujących do podanych kryteriów
Rozkład punktacji
Procent ludzi z każdym wynikiem
Percentyl według liczby udzielonych odpowiedzi
Twoja historia wyników
Nie rozwiązałeś tego quizu